-ITY Words - Statistics

General Stats
  • This quiz has been taken 22 times
    16 since last reset
  • The average score is 11 of 19
Answer Stats
Definitions -Ity Word % Correct
The state or fact of being naked Nudity
100%
A god or goddess Deity
87%
The force that attracts a body toward the center of the earth Gravity
87%
An empty space within a solid object, in particular the tooth Cavity
80%
To have the same value, rights, status, pay... Equality / Parity / Equity
80%
A large human settlement City
73%
A group of three people or things Trinity
67%
Excessive pride in one's own appearance Vanity
67%
Sound mental health Sanity
60%
The state of forming a complete and pleasing whole Unity
60%
A strange or peculiar person, thing, or trait Oddity
53%
A friendly relationship. Amity
47%
Freedom from adulteration or contamination Purity
47%
The state of being in short supply; shortage Scarcity
47%
The principal team representing a high school or college in a sport Varsity
47%
Existence; being Entity
27%
The state of being worthy of honor or respect Dignity
13%
The feeling of sorrow and compassion Pity
13%
Self-important; arrogant Uppity
7%
No matching quizzes found
Score Distribution
Percent of People with Each Score
Percentile by Number Answered
Your Score History
You have not taken this quiz since the last reset